000
00261nam a2200109Ia 4500
008
190216s9999||||xx |||||||||||||| ||und||
100
_a
Arnikar H J
245
0
_a
Essentials Of Nuclear Chemistry
260
_b
Wiley Eastern Ltd
_c
1981
300
_a
495
942
_c
BK
999
_c
2854
_d
2854